20 años avanzando en libertad, 1976-1996 (Registro nro. 7760)
[ vista simple ]
| 000 -CABECERA | |
|---|---|
| Longitud fija campo de control | 01529nam a2200385 c 4500 |
| 001 - NÚMERO DE CONTROL | |
| Número de control | 7760 |
| 003 - IDENTIFICADOR DE NÚMERO DE CONTROL | |
| Identificador del número de control | ES-MaCES |
| 005 - FECHA Y HORA DE LA ÚLTIMA TRANSACCIÓN | |
| Fecha y hora de la última transacción | 20150925135747.0 |
| 008 - CAMPO FIJO DE DESCRIPCIÓN FIJA--INFORMACIÓN GENERAL | |
| Códigos de información de longitud fija | 980815s1996 sp a z010 | spa d |
| 017 ## - NÚMERO DE REGISTRO DE DERECHOS DE AUTOR Y DEPÓSITO LEGAL | |
| Número de copyright o de depósito legal | M 18645-1996 |
| Agencia que asigna el número | DL |
| 035 ## - NÚMERO DE CONTROL DEL SISTEMA | |
| Número de control del sistema | CES19980080817m |
| 040 ## - FUENTE DE CATALOGACIÓN | |
| Centro catalogador de origen | ES-MaCES |
| Lengua de catalogación | spa |
| Centro transcriptor | ES-MaCES |
| 245 00 - MENCIÓN DE TÍTULO | |
| Título | 20 años avanzando en libertad, 1976-1996 |
| Mención de responsabilidad, etc. | elaboración y selección a cargo de Nuria Franco Fernández, Ester Ramos Ruiz, Jesús Rodríguez Salvanés |
| 246 3# - FORMA VARIANTE DEL TÍTULO | |
| Título propio ; Título en breve | Veinte años avanzando en libertad, 1976-1996 |
| 260 ## - PUBLICACIÓN, DISTRIBUCIÓN, ETC (PIE DE IMPRENTA) | |
| Lugar de publicación, distribución, etc. | [Madrid] |
| Nombre del editor, distribuidor, etc. | UGT, Secretaría de Comunicación e Imagen Confederal |
| Fecha de publicación, distribución, etc. | D.L. 1996 |
| 300 ## - DESCRIPCIÓN FÍSICA | |
| Extensión | [10], 216 p. |
| Otras características físicas | il. col. y n. |
| Dimensiones | 27 cm |
| 500 ## - NOTA GENERAL | |
| Nota general | En la port., además: Fundación F. Largo Caballero |
| 500 ## - NOTA GENERAL | |
| Nota general | En la cub., además: 1976: XXX Congreso UGT |
| 541 ## - NOTA DE LA FUENTE INMEDIANTE DE ADQUISICIÓN | |
| Forma de adquisición | Gratuito |
| 610 24 - ASIENTO SECUNDARIO DE MATERIA--NOMBRE CORPORATIVO | |
| Nombre de entidad corporativa o nombre de jurisdicción como elemento inicial | Unión General de Trabajadores de España |
| 9 (RLIN) | 5144 |
| 650 #4 - ASIENTO SECUNDARIO DE MATERIA--TÉRMINO DE MATERIA | |
| Término de materia o nombre geográfico como elemento inicial | sindicalismo |
| 9 (RLIN) | 29453 |
| 650 #4 - ASIENTO SECUNDARIO DE MATERIA--TÉRMINO DE MATERIA | |
| Término de materia o nombre geográfico como elemento inicial | actitud sindical |
| 9 (RLIN) | 29839 |
| 650 #4 - ASIENTO SECUNDARIO DE MATERIA--TÉRMINO DE MATERIA | |
| Término de materia o nombre geográfico como elemento inicial | España |
| 9 (RLIN) | 26964 |
| 650 #4 - ASIENTO SECUNDARIO DE MATERIA--TÉRMINO DE MATERIA | |
| Término de materia o nombre geográfico como elemento inicial | 1976-1996 |
| 9 (RLIN) | 31231 |
| 653 10 - TÉRMINO DE INDEXACIÓN--NO CONTROLADO | |
| Término no controlado | Organizaciones |
| 650 #4 - ASIENTO SECUNDARIO DE MATERIA--TÉRMINO DE MATERIA | |
| 9 (RLIN) | 28377 |
| Término de materia o nombre geográfico como elemento inicial | sindicato |
| 700 1# - ENCABEZAMIENTO SECUNDARIO--NOMBRE PERSONAL | |
| Nombre de persona | Franco Fernández, Nuria |
| Término indicativo de función | ed. lit. |
| 9 (RLIN) | 12359 |
| 700 1# - ENCABEZAMIENTO SECUNDARIO--NOMBRE PERSONAL | |
| Nombre de persona | Ramos Ruiz, Ester |
| Término indicativo de función | ed. lit. |
| 9 (RLIN) | 21725 |
| 700 1# - ENCABEZAMIENTO SECUNDARIO--NOMBRE PERSONAL | |
| Nombre de persona | Rodríguez Salvanés, Jesús |
| Término indicativo de función | ed. lit. |
| 9 (RLIN) | 22438 |
| 710 2# - ENCABEZAMIENTO SECUNDARIO--NOMBRE CORPORATIVO | |
| Nombre de entidad o nombre de jurisdicción como elemento inicial | Unión General de Trabajadores de España |
| Unidad subordinada | Secretaría de Comunicación e Imagen Confederal |
| Término indicativo de función | ed. |
| 9 (RLIN) | 5161 |
| 710 2# - ENCABEZAMIENTO SECUNDARIO--NOMBRE CORPORATIVO | |
| Nombre de entidad o nombre de jurisdicción como elemento inicial | Fundación Francisco Largo Caballero |
| 9 (RLIN) | 3826 |
| 902 ## - CES. TIPO DE DOCUMENTO | |
| Tipodoc (006$c Sirtex) | LIB Libro |
| 942 ## - ELEMENTOS KOHA | |
| Fuente de clasificaión o esquema | Clasificación propia del CES |
| Koha [por defecto] tipo de item | Monografías |
| Parte de clasificación | 6.3. |
| Número de registro | Signatura completa | Tipo de item de Koha |
|---|---|---|
| 014990 | DPT-10973 | Monografías |
